00689nam a2200229Ia 450000500170000000800410001702000180005804100080007608200150008410000210009924500220012025000120014226000520015430000080020650000140021465000210022870000210024990600070027094200070027799900170028495201580030120230426024111.0230125s9999 xx 000 0 und d a9789350235140 aeng a004.1bWAR aWarden P9118218 aBig Data Glossary a6th Ed. c2018bShroff publisher and distributorsaMumbai a44p aBig data  aBig data9119929 aWarden P9118218 b70 cBK c96230d96230 00104070aHIMRbHIMRd2020-01-07eForward Booksg250.00i11164l0o004.1 WAR B19487pHIMR-BK-19487r2023-01-25 00:00:00v180.00w2023-01-25yBKzB19487